Music Quiz

Random Music or Artist Quiz

Unusual lyrics from 80's Popular Songs Quiz Stats

Quiz not verified by Sporcle

Challenge
Share
Tweet
Embed
Score 0/23 Timer 05:00
0 Plays Today
Lyric Song Title % Correct
I met a strange lady, she made me nervous. She took me in and gave me breakfastDown Under
83.8%
I get my kicks above the waistline sunshineOne Night in Bangkok
44.8%
I need a photo opportunity. I need a shot at redemption.You Can Call Me Al
44.2%
I'm dying for some action. I'm sick of sitting 'round here trying to write this bookDancing in the Dark
43.5%
Your love is like a shadow on me all of the timeTotal Eclipse of the Heart
42.9%
You always look so invitin'. You ain't as green as you are youngHurts So Good
33.8%
Life is good, wild and sweet. Let the music play on.All Night Long
30.5%
Make a bad one good. Make a wrong one right.Power of Love
29.9%
The moonlit wings reflect the stars that guide me toward salvationAfrica
29.9%
So needless to say I'm odds and ends but I'll be stumbling away. Slowly learning that life is okay.Take On Me
26%
All your life is Time magazine. I read it too. What does it mean?Pressure
24.7%
What in the world can make a brown-eyed girl turn blueThe Look
21.4%
Lyric Song Title % Correct
Show me a smile then, don't be unhappy I can't remember when I last saw you laughingTrue Colors
19.5%
Any place is better. Starting from zero got nothing to loseFast Car
18.8%
Late at night when you call my name the only sound you'll hear is the sound of your voice calling, calling after meThrowing It All Away
18.2%
I sold the Renoir and the TV set. Don't want to be around when this gets outThe Reflex
15.6%
Let's look for the purple banana until they put us in the truckLets Go Crazy
13%
Above the planet on a wing and a prayer. My grubby halo, a vapour trail in the empty airLearning to Fly
11%
Reaching out to touch a stranger. Electric eyes are everywhere.Human Nature
9.7%
Maybe I'm an open book because I know you're mine, but you won't have to read between the lines.For Your Eyes Only
9.1%
Pretty bodies help dissolve the memories. They can never be what she was to me.She's Gone
7.8%
I can see the day that I breathe for. Friends agree there's a need to play the gameWinning
4.5%
Drawn into the stream of undefined illusion. Those diamond dreams, they can't disguise the truthSomething About You
4.5%

You're not logged in!

Compare scores with friends on all Sporcle quizzes.
Sign Up with Email
OR
Log In

You Might Also Like...

Show Comments

Extras

Top Quizzes Today


Score Distribution

Your Account Isn't Verified!

In order to create a playlist on Sporcle, you need to verify the email address you used during registration. Go to your Sporcle Settings to finish the process.